Применение пакета FIRE 3D к анализу процессов шлакоулавливания в пылеугольных топках; Известия Томского политехнического университета [Известия ТПУ]; Т. 305, вып. 2 : труды II-го семинара вузов Сибири и Дальнего Востока по теплофизике и теплоэнергетике, Томск, 24-25 октября 2001 г.
| Parent link: | Известия Томского политехнического университета [Известия ТПУ]/ Томский политехнический университет (ТПУ).— , 2000- Т. 305, вып. 2 : труды II-го семинара вузов Сибири и Дальнего Востока по теплофизике и теплоэнергетике, Томск, 24-25 октября 2001 г..— 2002.— [С. 152-157] |
|---|---|
| מחבר ראשי: | |
| מחברים אחרים: | , |
| סיכום: | Заглавие с титульного листа Электронная версия печатной публикации Применение данного программного обеспечения ускоряет процесс разработки, наладки и реконструкции топочных устройств и котлоагрегатов. Программный комплекс может рассчитать коэффициент шлакоулавливания и возможные зоны шлакования конвективных поверхностей благодаря принятой модели осаждения частиц на стенки котлоагрегата, что несет элемент новизны в области численного моделирования. |
| שפה: | רוסית |
| יצא לאור: |
2002
|
| נושאים: | |
| גישה מקוונת: | http://www.lib.tpu.ru/fulltext/v/Bulletin_TPU/2002/v305/i2/25.pdf |
| פורמט: | MixedMaterials אלקטרוני Book Chapter |
| KOHA link: | https://koha.lib.tpu.ru/cgi-bin/koha/opac-detail.pl?biblionumber=163569 |
MARC
| LEADER | 00000nla2a2200000 4500 | ||
|---|---|---|---|
| 001 | 163569 | ||
| 005 | 20231031160848.0 | ||
| 035 | |a (RuTPU)RU\TPU\book\177466 | ||
| 035 | |a RU\TPU\book\177462 | ||
| 090 | |a 163569 | ||
| 100 | |a 20090819d2002 k y0rusy50 ca | ||
| 101 | 0 | |a rus | |
| 102 | |a RU | ||
| 135 | |a drnn ---uucaa | ||
| 181 | 0 | |a i | |
| 182 | 0 | |a b | |
| 200 | 1 | |a Применение пакета FIRE 3D к анализу процессов шлакоулавливания в пылеугольных топках |b Электронный ресурс |f А. В. Старченко, А. С. Заворин, С. В. Красильников | |
| 203 | |a Текст |c электронный | ||
| 215 | |a 1 файл (838 Кб) | ||
| 230 | |a Электронные текстовые данные (1 файл : 838 Кб) | ||
| 300 | |a Заглавие с титульного листа | ||
| 300 | |a Электронная версия печатной публикации | ||
| 320 | |a [Библиогр.: с. 156-157 (11 назв.)] | ||
| 330 | |a Применение данного программного обеспечения ускоряет процесс разработки, наладки и реконструкции топочных устройств и котлоагрегатов. Программный комплекс может рассчитать коэффициент шлакоулавливания и возможные зоны шлакования конвективных поверхностей благодаря принятой модели осаждения частиц на стенки котлоагрегата, что несет элемент новизны в области численного моделирования. | ||
| 337 | |a Adobe Reader | ||
| 461 | 1 | |0 (RuTPU)RU\TPU\book\176237 |t Известия Томского политехнического университета [Известия ТПУ] |f Томский политехнический университет (ТПУ) |d 2000- | |
| 463 | 1 | |0 (RuTPU)RU\TPU\book\177290 |t Т. 305, вып. 2 : труды II-го семинара вузов Сибири и Дальнего Востока по теплофизике и теплоэнергетике, Томск, 24-25 октября 2001 г. |o тематический выпуск |f под ред. С. В. Алексеенко, А. С. Заворина, Л. А. Беляева |v [С. 152-157] |d 2002 |p 257 с. | |
| 610 | 1 | |a Fire 3D | |
| 610 | 1 | |a пакеты прикладных программ | |
| 610 | 1 | |a пылеугольные топки | |
| 610 | 1 | |a шлакоулавливание | |
| 610 | 1 | |a численное моделирование | |
| 610 | 1 | |a коэффициент шлакоулавливания | |
| 610 | 1 | |a зоны шлакования | |
| 610 | 1 | |a математические модели | |
| 610 | 1 | |a турбулентные потоки | |
| 610 | 1 | |a двухфазные потоки | |
| 610 | 1 | |a изотермические условия | |
| 610 | 1 | |a труды учёных ТПУ | |
| 610 | 1 | |a электронный ресурс | |
| 700 | 1 | |a Старченко |b А. В. |c специалист в области теплоэнергетики |c профессор Томского политехнического университета |f 1958- |g Александр Васильевич |2 stltpush |3 (RuTPU)RU\TPU\pers\30711 | |
| 701 | 1 | |a Заворин |b А. С. |c специалист в области теплотехники |c профессор Томского политехнического университета, доктор технических наук |f 1946- |g Александр Сергеевич |2 stltpush |3 (RuTPU)RU\TPU\pers\25896 | |
| 701 | 1 | |a Красильников |b С. В. | |
| 801 | 1 | |a RU |b 63413507 |c 20090623 |g PSBO | |
| 801 | 2 | |a RU |b 63413507 |c 20210415 |g PSBO | |
| 856 | 4 | |u http://www.lib.tpu.ru/fulltext/v/Bulletin_TPU/2002/v305/i2/25.pdf | |
| 942 | |c CF | ||